02001nam a22002177a 450000500170000000800410001702000180005804000070007604100080008308200220009110000170011324500890013026000320021930000270025136500800027852013450035865000220170365000210172565000240174665000130177020250805162949.0220912b ||||| |||| 00| 0 eng d a9789354353017 cAL aeng 223a954.035bDEEI aJ Sai Deepak aIndia bharat and Pakistanb: the Constitutional journey of a sandwiched civilisation aNew DelhibBloomsburyc2022 axiii,616pbHBc24x16cm 2Human Rights and GenderaBLCR-000073b639.20c₹d799.00e20%f30-08-20222 aIndia, Bharat and Pakistan, the second book of the Bharat Trilogy, takes the discussion forward from its bestselling predecessor, India That Is Bharat. It explores the combined influence of European and Middle Eastern colonialities on Bharat as the successor state to the Indic civilisation, and on the origins of the Indian Constitution. To this end, the book traces the thought continuum of Middle Eastern coloniality from the rise of Islamic Revivalism in the 1740s following the decline of the Mughal Empire, which presaged the idea of Pakistan, until the end of the Khilafat Movement in 1924, which cemented the road to Pakistan. The book also describes the collaboration of convenience that was forged between the proponents of Middle Eastern coloniality and the British colonial establishment to the detriment of the Indic civilisation. One of the objectives of this book is to help the reader draw parallels between the challenges faced by the Indic civilisation in the tumultuous period from 1740 to 1924, and the present day. Its larger goal remains the same as that of the first, which is to enthuse Bharatiyas to undertake a critical decolonial study of Bharat’s history, especially in the context of the Constitution, so that the religiosity towards the document is moderated by a sense of proportion, perspective and purpose aSeeds of Pakistan aAligarh Movement aPartition of Bengal aKhilafat